000 02599cam a2200313 4500500
005 20260111150245.0
041 _afre
042 _adc
100 1 0 _aLaporte, Cyrille
_eauthor
700 1 0 _aPoulain, Jean-Pierre
_eauthor
245 0 0 _aRestauration d'entreprise en France et au Royaume‑Uni. Synchronisation sociale alimentaire et obésité
260 _c2014.
500 _a70
520 _aL’article repose sur une étude parallèle des dispositifs de gestion de l’alimentation au travail en France et au Royaume‑Uni (restaurants d’entreprise et tickets restaurant). En comparant les connaissances, y compris dans la littérature grise, relatives à l’évolution des pratiques alimentaires au travail dans ces deux pays, les auteurs relèvent que la fréquentation des restaurants d’entreprise est plus faible au Royaume‑Uni et qu’en conséquence, on y observe une plus forte désynchronisation des repas qu’en France. Ils émettent l’hypothèse d’une possible corrélation de ce résultat avec une plus forte prévalence de l’obésité au Royaume‑Uni.
520 _aStaff restaurants in France and in the United Kingdom. Food synchronization and obesityThe paper reports on food management systems in France and the United Kingdom (corporate catering and meal vouchers). The authors link a review of the question including grey literature with the evolution of food practices in both countries. This approach highlights a lesser use of corporate restaurants and consequently a wider desynchronization of meals in the United‑Kingdom as compared to France. According to the authors, there may be a likely correlation between these results and a higher prevalence of obesity in the United Kingdom.
520 _aDer Beitrag beleuchtet die Ursachen des unterschiedlichen Umgangs mit Ernährung am Arbeitsplatz in England und Frankreich. Er zeigt die Auswirkungen der Unterschiede zwischen beiden Ländern auf und stellt die Frage, ob diese mit der geringeren Rate an Übergewichtigen in Frankreich in Zusammenhang gebracht werden können.
690 _aalimentation
690 _aobésité
690 _arestaurant d'entreprise
690 _asynchronisation alimentaire
690 _aticket‑restaurant
690 _acorporate catering
690 _afood synchronization
690 _ameal vouchers
690 _anutrition
690 _aobesity
786 0 _nEthnologie française | 44 | 1 | 2014-02-01 | p. 93-103 | 0046-2616
856 4 1 _uhttps://shs.cairn.info/revue-ethnologie-francaise-2014-1-page-93?lang=fr&redirect-ssocas=7080
999 _c1637317
_d1637317